MARC

LEADER 00000nam0a2200000 4500
001 62945
005 20231031063915.0
010 |a 5836501629 
035 |a (RuTPU)RU\TPU\book\66766 
090 |a 62945 
100 |a 20040423d2003 k y0rusy50 ca 
101 0 |a rus 
102 |a RU 
105 |a a z 000zy 
200 1 |a Надежность горных выемочных машин  |f С. В. Солод 
210 |a Москва  |c Недра-Бизнесцентр  |d 2003 
215 |a 291 с.  |c ил. 
451 1 |0 (RuTPU)RU\TPU\book\112947  |y 5-8365-0225-0  |t Надежность горных выемочных машин  |f С. В. Солод  |e 2-е изд., перераб. и доп.  |c М.  |n Недра-Бизнесцентр  |d 2005  |p 288 с.  |a Солод, Сергей Васильевич 
610 1 |a горное дело 
610 1 |a горные выемочные машины 
610 1 |a надежность 
610 1 |a моделирование 
610 1 |a стендовые испытания 
610 1 |a нагруженность 
610 1 |a эксплуатация 
610 1 |a ресурс 
610 1 |a высокопрочные стали 
610 1 |a режимы работы 
610 1 |a математические модели 
610 1 |a подземные машины 
610 1 |a экскаваторы 
610 1 |a динамические системы 
610 1 |a детали 
610 1 |a узлы 
610 1 |a предельные состояния 
610 1 |a параметры 
675 |a 622.232.8  |v 3 
700 1 |a Солод  |b С. В.  |g Сергей Васильевич 
801 1 |a RU  |b 63413507  |c 20040423  |g PSBO 
801 2 |a RU  |b 63413507  |c 20110526  |g PSBO 
942 |c BK